Vzdelávanie študentov v študijnom odbore Účtovníctvo na Fakulte hospodárskej informatiky Ekonomickej univerzity v Bratislave

Gespeichert in:
Bibliographische Detailangaben
1. Verfasser: Máziková, Katarína
Weitere Verfasser: Šlosárová, Anna
Format: Buchkapitel
Sprache:Slowakisch
Tags: Tag hinzufügen
Keine Tags, Fügen Sie das erste Tag hinzu!

MARC

LEADER 00000naa$a2200000$$$4500
001 0118238
005 20240502083309.0
041 0 |a slo 
044 |a CZ 
245 1 0 |a Vzdelávanie študentov v študijnom odbore Účtovníctvo na Fakulte hospodárskej informatiky Ekonomickej univerzity v Bratislave  |c Katarína Máziková, Anna Šlosárová 
100 1 |a Máziková, Katarína 
700 1 |a Šlosárová, Anna